000 00368nam a2200157Ia 4500
003 OSt
005 20240202152842.0
008 170523s9999 xx 000 0 und d
020 _a9788173910371
040 _ciimt university meerut
100 _aRAO- KCS
245 0 _aMANAGERIAL DECISION MAKING
260 _bKANISHKA PUBLICATION
260 _c1994
942 _2ddc
_c02
999 _c244
_d244